[Event "BL2-Nord 9394"]
[Site "Germany"]
[Date "1993.??.??"]
[Round "?.3"]
[White "Federau, Juergen"]
[Black "Meyer, Claus Dieter"]
[Result "1/2-1/2"]
[WhiteElo "2305"]
[BlackElo "2330"]
[PlyCount "107"]
[EventDate "1993.10.??"]
[EventType "team-tourn"]
[EventRounds "9"]
[EventCountry "GER"]
[SourceTitle "GER-chT2"]
[Source "ChessBase"]
[SourceDate "1999.07.01"]
[SourceVersion "1"]
[SourceVersionDate "1999.07.01"]
[SourceQuality "1"]
[WhiteTeam "Kreuzberg"]
[BlackTeam "Werder Bremen"]
[WhiteTeamCountry "GER"]
[BlackTeamCountry "GER"]

1. d4 Nf6 2. c4 d6 3. Nc3 Nbd7 4. Nf3 g6 5. e4 Bg7 6. Be2 0-0 7. 0-0 e5 8. Re1 c6 9. Bf1 exd4 10. Nxd4 Ng4 11. Qxg4 Bxd4 12. Be3 Nc5 13. Qd1 Be5 14. f3 Re8 15. Qd2 a5 16. Rac1 Be6 17. Ne2 a4 18. Nf4 Qf6 19. Nxe6 Nxe6 20. Rb1 Bd4 21. Bxd4 Qxd4+ 22. Qf2 Qxf2+ 23. Kxf2 Nd4 24. Rbd1 c5 25. Bd3 Re7 26. Re3 a3 27. bxa3 Rxa3 28. Rd2 b6 29. Rb2 Rea7 30. Bb1 R3a6 31. f4 Re7 32. g4 f6 33. h4 Kg7 34. Rh3 h6 35. Rg3 g5 36. f5 Rb7 37. hxg5 hxg5 38. Rh3 Rb8 39. Kf1 Rh8 40. Rxh8 Kxh8 41. Kf2 Kg7 42. Kf1 Nf3 43. Bd3 Ne5 44. Be2 Kf8 45. Rb3 Rxa2 46. Rxb6 Ke7 47. Rb7+ Nd7 48. Kf2 Kd8 49. Ke3 Ra1 50. Kf2 Ra3 51. Rb1 Ke7 52. Rb7 Ra4 53. Rc7 Ra2 54. Ke3 1/2-1/2